Quattro Pro/ (Record no. 35780)

MARC details
000 -LEADER
fixed length control field 00455nam a22001577a 4500
005 - DATE AND TIME OF LATEST TRANSACTION
control field 20240516113639.0
008 - FIXED-LENGTH DATA ELEMENTS--GENERAL INFORMATION
fixed length control field 240516b |||||||| |||| 00| 0 eng d
020 ## - INTERNATIONAL STANDARD BOOK NUMBER
ISBN 756123845096
082 ## - DEWEY DECIMAL CLASSIFICATION NUMBER
Classification number 005.369
Item number QUA
245 ## - TITLE STATEMENT
Title Quattro Pro/
Remainder of title Award-Winning Spreadsheet and Graphics V6.0/
260 ## - PUBLICATION, DISTRIBUTION, ETC.
Place of Publication USA;
Name of publisher, distributor, etc. Word Perfect;
Date of publication, distribution, etc. 1994.
300 ## - PHYSICAL DESCRIPTION
Pages xvi. 752 p.:
500 ## - GENERAL NOTE
General note Include Index.
650 ## - SUBJECT ADDED ENTRY--TOPICAL TERM
Subject / Department Computer Science/Programming
300 ## - PHYSICAL DESCRIPTION
-- ill.;
-- 22.8 cm.
952 ## - LOCATION AND ITEM INFORMATION (KOHA)
-- 0
-- 0
Holdings
Lost status Damaged status Collection code Permanent Location Current Location Shelving Location Date acquired Full Call Number Accession No./Barcode Date last seen item type Koha item type
    CS/IT Superior Information Resource Center (SIRC) Superior University - City Campus Superior Information Resource Center (SIRC) Superior University - City Campus Computer Science 05/16/2024 005.369 QUA 1994 20463 05/16/2024 BOOK BOOK

Powered by Koha